Statistics for Daily Country Riddle #35

Click here to take the quiz!

General Stats

  • This quiz has been taken 131 times
  • The average score is 13 of 17

Answer Stats

TypeAnswer% Correct
Found LetterA
99%
Found LetterL
93%
Found LetterO
91%
Correctly Placed LetterO
85%
Found LetterG
83%
Found LetterR
83%
Found LetterT
82%
Found LetterU
80%
Found LetterP
73%
Correctly Placed LetterA
72%
Correctly Placed LetterP
72%
Correctly Placed LetterR
72%
Correctly Placed LetterU
71%
Correctly Placed LetterG
67%
Correctly Placed LetterL
67%
Mystery CountryPortugal
67%
Correctly Placed LetterT
67%

Score Distribution

Percentile by Number Answered

Percent of People with Each Score

Your Score History

You have not taken this quiz